<?xml version="1.0" encoding="UTF-8"?>
<collection xmlns="http://www.loc.gov/MARC21/slim">
    <record>
        <controlfield tag="001">66029</controlfield>
        <controlfield tag="005">20180223094407.0</controlfield>
        <datafield tag="037" ind1=" " ind2=" ">
            <subfield code="a">GDOC-2016-25246</subfield>
        </datafield>
        <datafield tag="041" ind1=" " ind2=" ">
            <subfield code="a">spa</subfield>
        </datafield>
        <datafield tag="100" ind1=" " ind2=" ">
            <subfield code="0">(orcid)0000-0001-9067-2940</subfield>
            <subfield code="1">363936</subfield>
            <subfield code="a">Cuchí Oterino, José Antonio</subfield>
        </datafield>
        <datafield tag="245" ind1="0" ind2="0">
            <subfield code="9">25246</subfield>
            <subfield code="a">Hidrogeología ambiental</subfield>
        </datafield>
        <datafield tag="260" ind1=" " ind2=" ">
            <subfield code="a">Zaragoza</subfield>
            <subfield code="b">Universidad de Zaragoza</subfield>
            <subfield code="c">2016-2017</subfield>
        </datafield>
        <datafield tag="520" ind1=" " ind2=" ">
            <subfield code="a">El conocimiento de los procesos que están implicados en el ciclo hidrológico es fundamental para cualquier estudio medioambiental que implique el conocimiento o gestión del medio físico de una zona y la Hidrogeología Ambiental tiene entre sus objetivos la gestión del agua subterránea.
En esta asignatura, se analizarán procesos que se desarrollan en el medio interno, no solo en relación con la cantidad, sino también con la calidad de los recursos hídricos. </subfield>
            <subfield code="b"> </subfield>
        </datafield>
        <datafield tag="521" ind1=" " ind2=" ">
            <subfield code="9">100</subfield>
            <subfield code="a">Ciencias Ambientales</subfield>
        </datafield>
        <datafield tag="540" ind1=" " ind2=" ">
            <subfield code="a">by-nc-sa</subfield>
            <subfield code="b">Creative Commons</subfield>
            <subfield code="c">3.0</subfield>
            <subfield code="u">http://creativecommons.org/licenses/by-nc-sa/3.0/</subfield>
        </datafield>
        <datafield tag="830" ind1=" " ind2=" ">
            <subfield code="9">277</subfield>
        </datafield>
        <datafield tag="856" ind1="4" ind2=" ">
            <subfield code="s">12888</subfield>
            <subfield code="u">http://zaguan.unizar.es/record/66029/files/guia-25246-es.pdf</subfield>
            <subfield code="y">Guía (idioma español)</subfield>
        </datafield>
        <datafield tag="856" ind1="4" ind2=" ">
            <subfield code="s">9487</subfield>
            <subfield code="u">http://zaguan.unizar.es/record/66029/files/guia-25246-en.pdf</subfield>
            <subfield code="y">Guide (english)</subfield>
        </datafield>
        <datafield tag="970" ind1=" " ind2=" ">
            <subfield code="a">GDOC-2016-25246</subfield>
        </datafield>
        <datafield tag="980" ind1=" " ind2=" ">
            <subfield code="a">GDOC</subfield>
            <subfield code="b">Ciencias</subfield>
            <subfield code="c">201</subfield>
        </datafield>
    </record>

    
</collection>